| 000 | 006390000a22001210004500 | ||
|---|---|---|---|
| 100 | 1 | _aPereira de Azevedo, Irland | |
| 245 | 1 | 0 | _aMinistério evangélico, como paixâo e compaixâo. |
| 300 | _aVol.4, no.5 (2008), p. 15-23 | ||
| 520 | _aEn este discurso una preocupación es demostrar que un ministerio evangélico es más que mero trabajo operativo, pues envuelve actitudes envolventes, tales como la pasión y la compasión. Procura demostrar asi mismo, la "cosificación del ministerio pastoral", pues falta visión de dignidad de las personas y sobra ambición de cosas. | ||
| 650 | 1 | 4 | _aCOMPASIÓN |
| 773 | 0 | _tTeológica | |
| 942 | _cANA | ||
| 999 |
_c63387 _d63387 |
||